000 004390000a22001690004500
003 MACL
005 20160106131431.0
008 160106b xxu||||| |||| 00| 0 eng d
040 _aMACL
_cMACL
041 _aEnglish
082 _a823/RIV
100 _aPoole, Stanley Lane
_923450
245 _aA History of Egypt
_bIn The Middle Ages
260 _bMethuen & Co. Ltd
_c1914
_aLondon
650 _aHistory
_928616
942 _cBK
_k900/POO
_2ddc
999 _c36748
_d36748